h1

h2

h3

h4

h5
h6
001006196 001__ 1006196
001006196 005__ 20260204055725.0
001006196 0247_ $$2ISSN$$a0001-8708
001006196 0247_ $$2ISSN$$a1090-2082
001006196 0247_ $$2SCOPUS$$aSCOPUS:2-s2.0-85213501049
001006196 0247_ $$2WOS$$aWOS:001402236700001
001006196 0247_ $$2doi$$a10.1016/j.aim.2024.110083
001006196 037__ $$aRWTH-2025-02321
001006196 041__ $$aEnglish
001006196 082__ $$a510
001006196 1001_ $$aWang, Haowu$$b0$$eCorresponding author
001006196 245__ $$aThe fake monster algebra and singular Borcherds products$$honline, print
001006196 260__ $$aAmsterdam [u.a.]$$bElsevier$$c2025
001006196 260__ $$c2024
001006196 300__ $$a[1]-52
001006196 3367_ $$00$$2EndNote$$aJournal Article
001006196 3367_ $$0PUB:(DE-HGF)16$$2PUB:(DE-HGF)$$aJournal Article$$bjournal$$mjournal
001006196 3367_ $$2BibTeX$$aARTICLE
001006196 3367_ $$2DRIVER$$aarticle
001006196 3367_ $$2DataCite$$aOutput Types/Journal article
001006196 3367_ $$2ORCID$$aJOURNAL_ARTICLE
001006196 500__ $$aReceived 7 March 2023, Revised 7 April 2024, Accepted 5 December 2024, Available online 30 December 2024
001006196 588__ $$aDataset connected to , , , CrossRef, Journals: publications.rwth-aachen.de
001006196 591__ $$aGermany
001006196 591__ $$aPeoples R China
001006196 7001_ $$0P:(DE-82)820707$$aWilliams, Brandon$$b1$$urwth
001006196 773__ $$0PERI:(DE-600)1472893-X$$a10.1016/j.aim.2024.110083$$p110083$$tAdvances in mathematics$$v461$$x1090-2082$$y2025
001006196 909CO $$ooai:publications.rwth-aachen.de:1006196$$pVDB
001006196 9101_ $$0I:(DE-588b)36225-6$$6P:(DE-82)820707$$aRWTH Aachen$$b1$$kRWTH
001006196 9141_ $$y2024
001006196 9151_ $$0StatID:(DE-HGF)0031$$2StatID$$aPeer reviewed article$$x0
001006196 915__ $$0StatID:(DE-HGF)0030$$2StatID$$aPeer Review$$bASC$$d2025-01-06
001006196 915__ $$0StatID:(DE-HGF)0100$$2StatID$$aJCR$$bADV MATH : 2022$$d2025-01-06
001006196 915__ $$0StatID:(DE-HGF)0113$$2StatID$$aWoS$$bScience Citation Index Expanded$$d2025-01-06
001006196 915__ $$0StatID:(DE-HGF)0150$$2StatID$$aDBCoverage$$bWeb of Science Core Collection$$d2025-01-06
001006196 915__ $$0StatID:(DE-HGF)0160$$2StatID$$aDBCoverage$$bEssential Science Indicators$$d2025-01-06
001006196 915__ $$0StatID:(DE-HGF)0199$$2StatID$$aDBCoverage$$bClarivate Analytics Master Journal List$$d2025-01-06
001006196 915__ $$0StatID:(DE-HGF)0200$$2StatID$$aDBCoverage$$bSCOPUS$$d2025-01-06
001006196 915__ $$0StatID:(DE-HGF)0300$$2StatID$$aDBCoverage$$bMedline$$d2025-01-06
001006196 915__ $$0StatID:(DE-HGF)0420$$2StatID$$aNationallizenz$$d2025-01-06$$wger
001006196 915__ $$0StatID:(DE-HGF)0600$$2StatID$$aDBCoverage$$bEbsco Academic Search$$d2025-01-06
001006196 915__ $$0StatID:(DE-HGF)1150$$2StatID$$aDBCoverage$$bCurrent Contents - Physical, Chemical and Earth Sciences$$d2025-01-06
001006196 915__ $$0StatID:(DE-HGF)9900$$2StatID$$aIF < 5$$d2025-01-06
001006196 9201_ $$0I:(DE-82)114110_20140620$$k114110$$lLehrstuhl A für Mathematik$$x0
001006196 9201_ $$0I:(DE-82)110000_20140620$$k110000$$lFachgruppe Mathematik$$x1
001006196 961__ $$c2025-03-11T08:41:06.783438$$x2025-03-11T08:41:06.783438$$z2025-03-12
001006196 980__ $$aI:(DE-82)110000_20140620
001006196 980__ $$aI:(DE-82)114110_20140620
001006196 980__ $$aUNRESTRICTED
001006196 980__ $$aVDB
001006196 980__ $$ajournal